01249nam a2200325 a 4500001001100000003000800011006001900019007001500038008004100053010001700094020003300111040002100144035002000165050002300185082001400208100003000222245008400252260003400336300002400370490003400394504006600428533015200494650002700646655002900673700002900702710001700731830003500748856012500783999001500908ebr5006429CaPaEBRm u cr cn|||||||||961231s1997 nyua sb 001 0 eng  z 96054729  z0387949569 (acid-free paper) aCaPaEBRcCaPaEBR a(OCoLC)5485007714aQA278b.R36 1997eb04a519.52211 aRamsay, J. O.q(James O.)10aFunctional data analysish[electronic resource] /cJ.O. Ramsay, B.W. Silverman. aNew York :bSpringer,cc1997. axiv, 310 p. :bill.1 aSpringer series in statistics aIncludes bibliographical references (p. [293]-302) and index. aElectronic reproduction.bPalo Alto, Calif. :cebrary,d2013.nAvailable via World Wide Web.nAccess may be limited to ebrary affiliated libraries. 0aMultivariate analysis. 7aElectronic books.2local1 aSilverman, B. W.,d1952-2 aebrary, Inc. 0aSpringer series in statistics.40uhttp://site.ebrary.com/lib/rucke/Doc?id=5006429zAn electronic book accessible through the World Wide Web; click to view c6673d6673